000 00946nam a2200253Ia 4500
003 OSt
005 20221005110354.0
006 a|||||r|||| 00| 0
007 ta
008 221004b |||||||| |||| 00| 0 hin d
020 _a8170165377 (hbk)
_c280
024 _a100750
037 _b351, 02/03/2010, Swaraj Prakashan
_cTextual
040 _aCRL
_cCRL
_bhin
041 _2hin
_ahin
082 _aO152,2N12x, P2;P9
100 _aप्रभाकर विष्णु
245 0 _aजादू की गाय तथा अन्य बाल - एकांकी
246 _aJādū kī gāya tathā anya bāl - ekāankī
260 _aनई दिल्ली
_bकिताबघर प्रकाशन भारत
_c2009
300 _a256पृ0
_ccm.
942 _hO152,2N12x, P2;P9
_cTEXL
_2cc
999 _c1018621
_d1018621